书目信息 |
| 题名: |
桥牌随笔
|
|
| 作者: | 刘德培 著 | |
| 分册: | ||
| 出版信息: | 重庆 重庆大学出版社 2016 |
|
| 页数: | 226页 | |
| 开本: | 21cm | |
| 丛书名: | ||
| 单 册: | ||
| 中图分类: | G892.1 | |
| 科图分类: | ||
| 主题词: | 桥牌--研究 | |
| 电子资源: | ||
| ISBN: | 978-7-5689-0332-5 | |
| 000 | 00762nam0 2200229 450 | |
| 001 | 62 | |
| 005 | 20180519102657.49 | |
| 010 | @a978-7-5689-0332-5@dCNY30.00 | |
| 100 | @a20170215d2016 em y0chiy50 ea | |
| 101 | 0 | @achi |
| 102 | @aCN@b500000 | |
| 105 | @ay z 000yy | |
| 200 | 1 | @a桥牌随笔@9qiao pai sui bi@f刘德培著 |
| 210 | @a重庆@c重庆大学出版社@d2016 | |
| 215 | @a226页@d21cm | |
| 300 | @a跳出桥牌说桥牌 走进生活看桥牌 | |
| 330 | @a本书分为9部分,内容包括:桥牌折射出社会文化的倾向性、桥牌帮助社会收获优质的未来公民、有效思维是桥牌的必然追求、合作意识是桥牌的本能需要、打好桥牌少不了心理学知识等。 | |
| 606 | 0 | @a桥牌@x研究 |
| 690 | @aG892.1@v5 | |
| 701 | 0 | @a刘德培@9liu de pei@4著 |
| 801 | 0 | @aCN@b91MARC@c20170215 |
| 905 | @aMuseLib@dG892.1@e367 | |
| 桥牌随笔/刘德培著.-重庆:重庆大学出版社,2016 |
| 226页;21cm |
| 跳出桥牌说桥牌 走进生活看桥牌 |
| ISBN 978-7-5689-0332-5:CNY30.00 |
| 本书分为9部分,内容包括:桥牌折射出社会文化的倾向性、桥牌帮助社会收获优质的未来公民、有效思维是桥牌的必然追求、合作意识是桥牌的本能需要、打好桥牌少不了心理学知识等。 |
| ● |
| 相关链接 |
|
|
|
|
正题名:桥牌随笔
索取号:G892.1/367
 
预约/预借
| 序号 | 登录号 | 条形码 | 馆藏地/架位号 | 状态 | 备注 |
| 1 | 1100328 | 211003288 | 第一样本阅览室/ [索取号:G892.1/367] | 在馆 | |
| 2 | 1100329 | 211003297 | 教育系资料室/ [索取号:G892.1/367] | 在馆 | |
| 3 | 1100330 | 211003304 | 教育系资料室/ [索取号:G892.1/367] | 在馆 | |
| 4 | 1100331 | 211003313 | 教育系资料室/ [索取号:G892.1/367] | 在馆 | |
| 5 | 1100332 | 211003322 | 第四借阅区/ [索取号:G892.1/367] | 在馆 | |
| 6 | 1100333 | 211003331 | 第四借阅区/ [索取号:G892.1/367] | 在馆 |